Nuevos acercamientos a los derechos humanos: ensayos para la dimensión ética de la democracia
Gorde:
| Egile Nagusiak: | , , |
|---|---|
| Beste egile batzuk: | , , |
| Formatua: | Liburua |
| Hizkuntza: | gaztelania |
| Argitaratua: |
Santiago
Corporación Nacional de Reparación y Reconciliación
1995
|
| Saila: | Tercer Congreso Nacional de Ensayo, 3
|
| Gaiak: | |
| Etiketak: |
Etiketa erantsi
Etiketarik gabe, Izan zaitez lehena erregistro honi etiketa jartzen!
|
MARC
| LEADER | 00000nam a2200000 a 4500 | ||
|---|---|---|---|
| 001 | UCU1405 | ||
| 003 | CL-VaPUC | ||
| 008 | 960404e19950000CL |||||||||||||||||spa|d | ||
| 082 | 0 | 4 | |a 323.4 |b AGU |2 21 |
| 100 | 0 | |a Aguila Zúñiga, Elena |e author |9 357068 | |
| 700 | |a Kottow Lang, Miguel H |e author |9 357069 | ||
| 700 | |a Montealegre Klenner, Hernán |e autor |9 357070 | ||
| 700 | |a Orellana Benado, Miguel E. |e autor |9 357071 | ||
| 700 | 0 | |a Donoso Fernández, Patricio |e author |9 357072 | |
| 700 | |a Lira Kornfeld, Elizabeth |e autora |9 621801 | ||
| 245 | 1 | 0 | |a Nuevos acercamientos a los derechos humanos: ensayos para la dimensión ética de la democracia |
| 300 | |a 251 p | ||
| 942 | |c BK | ||
| 945 | |d 19960404 00:00:00 |a rleighto | ||
| 260 | |a Santiago |b Corporación Nacional de Reparación y Reconciliación |c 1995 | ||
| 650 | 0 | |a Derechos humanos |9 223025 | |
| 583 | |a last modification |c 19960404 00:00:00 |k Rodrigo Vera | ||
| 490 | 0 | |a Tercer Congreso Nacional de Ensayo, 3 | |
| 999 | |c 246049 |d 246047 | ||
| 952 | |0 0 |1 0 |4 0 |6 323_400000000000000_AGU_1995 |7 0 |8 A |9 260775 |a BIBHIS |b BIBHIS |d 2019-11-19 |i 3185826 |o 323.4 AGU 1995 |p 3185826 |r 2025-01-20 |w 2019-11-19 |y BK |k HIS | ||
| 952 | |0 0 |1 0 |4 0 |6 323_400000000000000_AGU_1995 |7 0 |8 A |9 260776 |a BIBDER |b BIBDER |d 2019-11-19 |i 3185834 |o 323.4 AGU 1995 |p 3185834 |r 2023-01-25 |w 2019-11-19 |y BK |k DER | ||
| 952 | |0 0 |1 0 |4 0 |6 323_400000000000000_AGU_1995 |7 0 |8 P |9 260777 |a BIBEDU |b BIBEDU |c BIBEDU_PB |d 2019-11-19 |i 3203972 |o 323.4 AGU 1995 |p 3203972 |r 2024-01-25 |w 2019-11-19 |y BK |k EDU | ||
| 952 | |0 0 |1 0 |4 0 |6 323_400000000000000_AGU_1995 |7 0 |8 P |9 260778 |a BIBEDU |b BIBEDU |c BIBEDU_PB |d 2019-11-19 |i 3523004 |o 323.4 AGU 1995 |p 3523004 |r 2024-01-25 |w 2019-11-19 |y BK |k EDU | ||